|
|
|
|
| LEADER |
01699cas a2200241 a 4500 |
| 001 |
AALejournalIMF014377 |
| 008 |
230101c9999 xx r poo 0 0eng d |
| 020 |
|
|
|c 5.00 USD
|
| 020 |
|
|
|z 9781484376294
|
| 022 |
|
|
|a 1934-7685
|
| 040 |
|
|
|a BD-DhAAL
|c BD-DhAAL
|
| 110 |
2 |
|
|a International Monetary Fund.
|b European Dept.
|
| 245 |
1 |
0 |
|a Republic of Latvia :
|b Staff Report for the 2014 Article IV Consultation.
|
| 264 |
|
1 |
|a Washington, D.C. :
|b International Monetary Fund,
|c 2014.
|
| 300 |
|
|
|a 1 online resource (51 pages)
|
| 490 |
1 |
|
|a IMF Staff Country Reports
|
| 500 |
|
|
|a <strong>Off-Campus Access:</strong> No User ID or Password Required
|
| 500 |
|
|
|a <strong>On-Campus Access:</strong> No User ID or Password Required
|
| 506 |
|
|
|a Electronic access restricted to authorized BRAC University faculty, staff and students
|
| 520 |
3 |
|
|a Latvia entered the euro area in January 2014 with the fastest rate of growth in Europe. The 2014 Article IV Consultation highlights that a slowdown in investment and exports was partly compensated by robust consumption demand, supported by rising real wages, bringing GDP growth in 2013 to 4.1 percent. Strong job creation reduced the unemployment rate to 11.3 percent by end-2013, close to its structural level. Consumer price inflation fell to an average of about zero in 2013, mainly owing to weakening energy prices. The 2013 general government deficit outturn of 1.0 percent of GDP was below the target of 1.4 percent.
|
| 538 |
|
|
|a Mode of access: Internet
|
| 830 |
|
0 |
|a IMF Staff Country Reports; Country Report ;
|v No. 2014/115
|
| 856 |
4 |
0 |
|z Full text available on IMF
|u http://elibrary.imf.org/view/journals/002/2014/115/002.2014.issue-115-en.xml
|z IMF e-Library
|